[Event "World Blitz 2023"]
[Site "Samarkand UZB"]
[Date "2023.12.30"]
[Round "14.24"]
[White "Amar, Elham"]
[Black "Fedoseev, Vladimir"]
[Result "0-1"]
[WhiteElo "2470"]
[BlackElo "2719"]
[EventDate "2023.12.29"]

1. e4 e5 2. Nc3 Bc5 3. Bc4 d6 4. d3 c6 5. f4 Nf6 6. Nf3 b5 7. Bb3 a5 8. a3
Ng4 9. Ng5 Rf8 10. f5 h5 11. h3 Nf6 12. Qf3 h4 13. Be3 Na6 14. Bf2 Bxf2+
15. Qxf2 Nc5 16. Ba2 Bd7 17. O-O b4 18. Ne2 b3 19. Bxb3 Nxb3 20. cxb3 Rb8
21. b4 axb4 22. axb4 Rxb4 23. Ra7 Qb6 24. Qxb6 Rxb6 25. Ra2 Ke7 26. d4 exd4
27. Nxd4 c5 28. Ndf3 Rfb8 29. e5 dxe5 30. Nxe5 Be8 31. Re1 Kf8 32. Ra7 R6b7
33. Rxb7 Rxb7 34. Re2 Nh5 35. Nef3 Ng3 36. Nh7+ Kg8 37. Rxe8+ Kxh7 38. Nxh4
Rxb2 39. Re7 f6 40. Re8 c4 41. Rc8 c3 42. Kh2 Nf1+ 43. Kg1 Ng3 44. Kh2 Nf1+
45. Kg1 c2 46. Kxf1 Rb1+ 47. Kf2 c1=Q 48. Rxc1 Rxc1 49. g4 Rc2+ 50. Kg3
Rc3+ 51. Nf3 Kg8 52. h4 Kf7 53. g5 Ke7 54. Kg4 Rc4+ 55. Kh5 Kf7 56. Nh2 Rf4
57. gxf6 gxf6 58. Ng4 Rxf5+ 59. Kh6 Rf4 60. Kh5 Rf5+ 61. Kh6 Rf3 62. Kh5
Kg7 63. Nh6 Rf4 0-1

[Event "World Blitz 2023"]
[Site "Samarkand UZB"]
[Date "2023.12.30"]
[Round "14.25"]
[White "Rakhmatullaev, Almas"]
[Black "Esipenko, Andrey"]
[Result "0-1"]
[WhiteElo "2218"]
[BlackElo "2615"]
[EventDate "2023.12.29"]

1. e4 e5 2. Nf3 Nc6 3. Bc4 Nf6 4. Ng5 d5 5. exd5 Na5 6. Bb5+ Bd7 7. Bxd7+
Qxd7 8. O-O h6 9. Nf3 e4 10. Ne5 Qxd5 11. d4 O-O-O 12. Nc3 Qe6 13. Re1 Bd6
14. Bf4 g5 15. Bg3 h5 16. h3 h4 17. Bh2 Rhe8 18. Qe2 Nc6 19. Nb5 Bxe5 20.
dxe5 Nd5 21. Qxe4 f5 22. Qe2 g4 23. hxg4 fxg4 24. Qe4 Rg8 25. Bf4 Rdf8 26.
Bd2 h3 27. c4 Nde7 28. Be3 g3 29. f4 hxg2 30. Kxg2 a6 31. Nc3 Nf5 32. Rh1
Qxc4 33. Rae1 Qe6 34. Nd5 Rh8 35. Rxh8 Rxh8 36. Rh1 Rxh1 37. Kxh1 Qh6+ 38.
Kg1 Qh2+ 39. Kf1 Nh4 40. Bg1 Qh3+ 41. Ke1 Qg4 42. e6 Nf3+ 43. Kd1 Nxg1+ 44.
Kc1 Qe2 45. Qxe2 Nxe2+ 46. Kd2 g2 47. e7 Nxe7 48. Nxe7+ Kd8 0-1

[Event "World Blitz 2023"]
[Site "Samarkand UZB"]
[Date "2023.12.30"]
[Round "14.26"]
[White "Niemann, Hans Moke"]
[Black "Hong, Andrew"]
[Result "1-0"]
[WhiteElo "2614"]
[BlackElo "2460"]
[EventDate "2023.12.29"]

1. e4 e5 2. Nf3 Nc6 3. Bc4 Nf6 4. d3 Bc5 5. O-O d6 6. c3 O-O 7. Re1 Bb6 8.
h3 Ne7 9. d4 exd4 10. cxd4 d5 11. exd5 Nexd5 12. Bg5 h6 13. Bh4 Be6 14.
Nbd2 Nf4 15. Bxe6 Nxe6 16. Nc4 Qd5 17. Ne3 Qd8 18. Ng4 g5 19. Nxh6+ Kh7 20.
Nxg5+ Kxh6 21. Qc1 Kg6 22. Nxe6 fxe6 23. Rxe6 Qd5 24. Re5 Qxd4 25. Qg5+ Kf7
26. Qxf6+ 1-0

[Event "World Blitz 2023"]
[Site "Samarkand UZB"]
[Date "2023.12.30"]
[Round "14.27"]
[White "Sychev, Klementy"]
[Black "Gaehwiler, Gabriel"]
[Result "1-0"]
[WhiteElo "2583"]
[BlackElo "2448"]
[EventDate "2023.12.29"]

1. e4 c5 2. Nf3 d6 3. d4 cxd4 4. Nxd4 Nf6 5. Nc3 a6 6. Bc4 e6 7. f4 b5 8.
Bb3 b4 9. Na4 d5 10. e5 Ne4 11. O-O Be7 12. f5 O-O 13. Be3 Bd7 14. fxe6
fxe6 15. Qg4 h5 16. Qxh5 Nc6 17. Nxc6 Bxc6 18. Qg6 Bxa4 19. Qxe6+ Kh8 20.
Bxa4 Bc5 21. Bxc5 Nxc5 22. Qh3+ Kg8 23. Bc6 Rc8 24. Rxf8+ Kxf8 25. Rf1+ Kg8
26. Bxd5+ Qxd5 27. Qxc8+ Kh7 28. Qf5+ Kh8 29. h3 Ne4 30. Kh2 a5 31. Rf4 1-0

[Event "World Blitz 2023"]
[Site "Samarkand UZB"]
[Date "2023.12.30"]
[Round "14.28"]
[White "Zvjaginsev, Vadim"]
[Black "Zhalmakhanov, Ramazan"]
[Result "0-1"]
[WhiteElo "2570"]
[BlackElo "2427"]
[EventDate "2023.12.29"]

1. Nf3 d5 2. d4 Nf6 3. c4 e6 4. Nc3 Nbd7 5. Bg5 dxc4 6. e3 a6 7. a4 Bb4 8.
Bxc4 h6 9. Bh4 c5 10. O-O O-O 11. Ne4 cxd4 12. Qxd4 Be7 13. Nxf6+ Bxf6 14.
Bxf6 Nxf6 15. Rfd1 Qxd4 16. Rxd4 Bd7 17. Ne5 Be8 18. h3 Rc8 19. Bb3 Bc6 20.
Rb4 a5 21. Nxc6 bxc6 22. Rc4 Rb8 23. Bd1 Rxb2 24. Rxc6 Rd8 25. Bf3 Rdd2 26.
Rc5 Rxf2 27. Rxa5 g5 28. Rb5 Ra2 29. Rbb1 Nd5 30. a5 Nc7 31. Bb7 Nd5 32. a6
Rxg2+ 0-1

[Event "World Blitz 2023"]
[Site "Samarkand UZB"]
[Date "2023.12.30"]
[Round "14.29"]
[White "Jumabayev, Rinat"]
[Black "Madaminov, Mukhiddin"]
[Result "1/2-1/2"]
[WhiteElo "2561"]
[BlackElo "2460"]
[EventDate "2023.12.29"]

1. d4 Nf6 2. c4 g6 3. g3 Bg7 4. Bg2 d5 5. Nf3 O-O 6. O-O dxc4 7. Na3 c5 8.
dxc5 c3 9. Nd4 Nfd7 10. c6 Nxc6 11. Nxc6 bxc6 12. bxc3 Nb6 13. Qxd8 Rxd8
14. Bxc6 Bh3 15. Bxa8 Bxf1 16. Kxf1 Rxa8 17. Nb5 a6 18. Nd4 Rc8 19. Bd2 Nc4
20. Bg5 e5 21. Nb3 h6 22. Bc1 e4 23. Nd4 Rb8 24. Ke1 f5 25. h4 Kf7 26. Kd1
Nd6 27. Bf4 Rd8 28. Bxd6 Rxd6 29. e3 g5 30. hxg5 hxg5 31. Kc2 Kg6 32. Rb1
Bxd4 33. exd4 Kh5 34. Rd1 Kg4 35. c4 Kf3 36. Rd2 f4 37. gxf4 gxf4 38. c5
Rc6 39. Kc3 e3 40. fxe3 fxe3 41. Rd1 e2 42. Rh1 Rh6 43. Rb1 Ke4 44. Re1 Rh2
45. c6 Kd5 46. c7 Rh8 47. Rxe2 Kd6 48. Kc4 Rc8 49. Rh2 Rxc7+ 50. Kd3 Rg7
51. Rh6+ Kd5 52. Rh5+ Kd6 53. Ra5 Ra7 54. a4 Kc6 55. Kc4 Kb6 56. Rh5 Rc7+
57. Kb4 Rd7 58. Rh6+ Kb7 59. Kc5 Rc7+ 60. Kd5 a5 61. Rh1 Rc2 62. Rb1+ Ka6
63. Ra1 Kb6 64. Ra3 Rd2 65. Rb3+ Ka6 66. Rc3 Ra2 67. Rc6+ Kb7 68. Rc4 Kb6
69. Kd6 Rb2 70. d5 Rb4 71. Rc6+ Kb7 72. Rc7+ Kb6 73. Rc8 Rxa4 74. Rb8+ Ka7
75. Rb5 Ka6 76. Kc6 Rc4+ 77. Rc5 1/2-1/2

[Event "World Blitz 2023"]
[Site "Samarkand UZB"]
[Date "2023.12.30"]
[Round "14.30"]
[White "Kobalia, Mikhail"]
[Black "Karthik, Venkataraman"]
[Result "1/2-1/2"]
[WhiteElo "2558"]
[BlackElo "2440"]
[EventDate "2023.12.29"]

1. e4 c5 2. Nf3 d6 3. Bb5+ Bd7 4. Bxd7+ Nxd7 5. O-O e6 6. c3 Ngf6 7. Qe2
Be7 8. d4 cxd4 9. cxd4 Nb6 10. Nc3 O-O 11. Bf4 Rc8 12. Rac1 a6 13. h3 d5
14. e5 Nfd7 15. Ne1 Nc4 16. b3 Na3 17. Nd3 Rc6 18. Be3 Qc7 19. Na4 Nb5 20.
Rxc6 bxc6 21. Rc1 Rc8 22. Nac5 Nxc5 23. Nxc5 Qa5 24. a4 Nc7 25. Bd2 Qb6 26.
b4 Ra8 27. g3 Ne8 28. h4 a5 29. bxa5 Qb2 30. Qd3 Qa2 31. Qc2 Qa3 32. Kg2
Nc7 33. Rb1 Bxc5 34. Qxc5 Qxc5 35. dxc5 Na6 36. Be3 Kf8 37. Rb6 Nb8 38. Rb7
Ke8 39. g4 Nd7 40. Rc7 Rxa5 41. Rxc6 Nxe5 42. Rc8+ Kd7 43. Rg8 Nxg4 44.
Rxg7 Nxe3+ 45. fxe3 Ke7 46. Rxh7 Rxc5 47. h5 Ra5 48. h6 Rxa4 49. Rh8 Kf6
50. Kg3 Ra1 51. Kg2 Re1 52. Rg8 Re2+ 53. Kg3 Rxe3+ 54. Kg2 Re2+ 55. Kg3
Re3+ 56. Kg2 Re2+ 57. Kg3 Re3+ 58. Kg4 Re4+ 59. Kg3 Re3+ 60. Kg2 Re2+ 61.
Kg1 Re1+ 62. Kg2 Re2+ 1/2-1/2

[Event "World Blitz 2023"]
[Site "Samarkand UZB"]
[Date "2023.12.30"]
[Round "14.31"]
[White "Moiseenko, Alexander"]
[Black "Haldorsen, Benjamin"]
[Result "1-0"]
[WhiteElo "2556"]
[BlackElo "2405"]
[EventDate "2023.12.29"]

1. d4 Nf6 2. Bg5 d5 3. e3 e6 4. Nd2 Be7 5. Ngf3 O-O 6. Bd3 b6 7. Qe2 Bb7 8.
O-O Nbd7 9. Rad1 Ne4 10. Bf4 c5 11. c3 a5 12. a4 Nxd2 13. Rxd2 Nf6 14. Ne5
c4 15. Bc2 Qe8 16. h3 b5 17. axb5 a4 18. b6 Qb5 19. Bg5 Rfe8 20. Bxf6 Bxf6
21. Bxh7+ Kf8 22. f4 g6 23. Bxg6 fxg6 24. Nxg6+ Kg7 25. Qg4 Kf7 26. Qh5 Kg7
27. Ne5 Rf8 28. Rf3 Bxe5 29. Rg3+ Kf6 30. fxe5+ Ke7 31. Rg7+ Kd8 32. Qg5+
Kc8 33. Qe7 1-0

[Event "World Blitz 2023"]
[Site "Samarkand UZB"]
[Date "2023.12.30"]
[Round "14.32"]
[White "Ganguly, Surya Shekhar"]
[Black "Tsaruk, Maksim"]
[Result "0-1"]
[WhiteElo "2549"]
[BlackElo "2378"]
[EventDate "2023.12.29"]

1. e4 d5 2. exd5 Qxd5 3. Nc3 Qa5 4. d4 Nf6 5. Nf3 Bf5 6. Ne5 Nbd7 7. Nc4
Qa6 8. Bf4 Qe6+ 9. Be2 c6 10. O-O g5 11. Bxg5 Rg8 12. Bf4 Ne4 13. d5 Qg6
14. Bf3 Nxc3 15. bxc3 Bxc2 16. Qd4 Bg7 17. Qe3 Kf8 18. Rfe1 Bf6 19. Bh6+
Rg7 20. dxc6 bxc6 21. Bxc6 Rc8 22. Bxg7+ Kxg7 23. Qf3 Nb6 24. Ne5 Bxe5 25.
Rxe5 Rxc6 26. Rxe7 Rf6 27. Qe3 Nd5 28. Qxa7 Nxe7 29. Qxe7 Be4 30. g3 Re6
31. Qc5 Bc6 32. Qd4+ f6 33. a4 Qf5 34. Qf4 Qh3 35. f3 Re2 36. Qg4+ Qxg4 37.
fxg4 Rg2+ 38. Kf1 Rxh2 39. Ra3 Rc2 40. a5 Bb5+ 41. Ke1 Ba6 42. Kd1 Rg2 43.
Rb3 Rxg3 44. Rb6 Bc4 45. Kd2 Rxg4 46. a6 Rg2+ 0-1

[Event "World Blitz 2023"]
[Site "Samarkand UZB"]
[Date "2023.12.30"]
[Round "14.33"]
[White "Grigoriants, Sergey"]
[Black "Omonov, Asrorjon"]
[Result "1-0"]
[WhiteElo "2532"]
[BlackElo "2069"]
[EventDate "2023.12.29"]

1. e4 c6 2. d4 d5 3. e5 c5 4. dxc5 Nc6 5. Nf3 Bg4 6. Bb5 Qa5+ 7. Nc3 e6 8.
Be3 Ne7 9. a3 Nf5 10. b4 Nxe3 11. fxe3 Qc7 12. Qd4 Bh5 13. O-O Be7 14. Ne2
O-O 15. Bxc6 Qxc6 16. Nf4 Bxf3 17. Rxf3 b6 18. Nh5 Bg5 19. Qg4 Bh6 20. Nxg7
Kh8 21. Nh5 f5 22. exf6 Rf7 23. Qh4 Rg8 24. Ng7 Bxg7 25. fxg7+ Rfxg7 26.
Rg3 bxc5 27. Rxg7 Rxg7 28. Rf1 Qc8 29. b5 Qe8 30. a4 Qg6 31. Qd8+ Rg8 32.
Qf6+ Qxf6 33. Rxf6 Re8 34. Rf7 Ra8 35. Re7 d4 36. Rxe6 Rc8 37. Rc6 Rd8 38.
exd4 Rxd4 39. Rc8+ Kg7 40. Rc7+ Kg6 41. Rxa7 Rd1+ 42. Kf2 Rd2+ 43. Ke3 Rxc2
44. b6 Rb2 45. a5 Rb3+ 46. Ke4 c4 47. Rc7 c3 48. Kd3 Rb1 49. b7 Kf6 50. a6
1-0

[Event "World Blitz 2023"]
[Site "Samarkand UZB"]
[Date "2023.12.30"]
[Round "14.34"]
[White "Gokerkan, Cem Kaan"]
[Black "Kuzubov, Yuriy"]
[Result "1/2-1/2"]
[WhiteElo "2365"]
[BlackElo "2487"]
[EventDate "2023.12.29"]

1. e4 e6 2. d4 d5 3. Nc3 Bb4 4. e5 Ne7 5. a3 Bxc3+ 6. bxc3 b6 7. Qg4 Ng6 8.
h4 h5 9. Qg3 Ba6 10. Ne2 Qd7 11. a4 Bc4 12. Nf4 Nxf4 13. Bxc4 dxc4 14. Bxf4
g6 15. Bg5 Qd5 16. O-O Nc6 17. Qf4 Rf8 18. Rfb1 a6 19. Rd1 Ne7 20. Rab1 Ng8
21. Rb4 Kd7 22. Qe3 Ne7 23. Qe2 b5 24. Rdb1 Nc6 25. R4b2 Rab8 26. axb5 Rxb5
27. Rxb5 axb5 28. Qe3 Ne7 29. Ra1 Ra8 30. Rd1 Nf5 31. Qf4 Ra2 32. Rc1 Ra3
33. Qd2 Kc6 34. Re1 b4 35. cxb4 Qxd4 36. Qe2 Ra1 37. Rxa1 Qxa1+ 38. Kh2 Qd4
39. g3 Kb5 40. Qf3 Qd5 41. Qa3 Kb6 42. Qa4 c3 43. Qe8 Nd4 44. Be3 Kb7 45.
Bxd4 Qxd4 46. Qxf7 Qe4 47. Qxe6 Qxc2 48. Qd5+ Kb6 49. Qc5+ Kb7 50. e6 Qe2
51. e7 c2 52. e8=Q Qxe8 53. Qxc2 Qe6 54. Qc5 Qe4 55. Qb5+ Kc8 56. Qc5 Kd7
57. Kg1 c6 58. b5 Qb1+ 59. Kh2 cxb5 60. Qd5+ Ke7 61. Qe5+ Kf7 62. Qd5+ Kf6
63. Qd6+ 1/2-1/2

[Event "World Blitz 2023"]
[Site "Samarkand UZB"]
[Date "2023.12.30"]
[Round "14.35"]
[White "Daneshvar, Bardiya"]
[Black "Bakhrillaev, Bakhrom"]
[Result "1-0"]
[WhiteElo "2483"]
[BlackElo "1994"]
[EventDate "2023.12.29"]

1. b3 e5 2. Bb2 Nc6 3. c4 g6 4. e3 Bg7 5. Nf3 Nge7 6. b4 d6 7. b5 Nb8 8. d4
e4 9. Nfd2 f5 10. Nc3 O-O 11. a4 c6 12. Qb3 Kh8 13. h4 Be6 14. g3 a6 15.
bxc6 bxc6 16. Ne2 Nd7 17. Qa3 c5 18. Nf4 Bf7 19. dxc5 dxc5 20. Bxg7+ Kxg7
21. Qc3+ Nf6 22. g4 fxg4 23. Nxe4 Nf5 24. h5 Nd4 25. Ng5 Re8 26. O-O-O Qd6
27. Nxf7 Kxf7 28. hxg6+ hxg6 29. Bd3 Rab8 30. Bxg6+ Kg7 31. Bxe8 Qb6 32.
Bb5 axb5 33. cxb5 Qc7 34. Rxd4 1-0

[Event "World Blitz 2023"]
[Site "Samarkand UZB"]
[Date "2023.12.30"]
[Round "14.36"]
[White "Sanal, Vahap"]
[Black "Suyarov, Mukhammadzokhid"]
[Result "1-0"]
[WhiteElo "2637"]
[BlackElo "2449"]
[EventDate "2023.12.29"]

1. e4 e5 2. Nf3 Nf6 3. d4 Nxe4 4. Bd3 Nc6 5. dxe5 d5 6. exd6 Nxd6 7. Nc3
Be7 8. Bf4 O-O 9. Qd2 Bf6 10. O-O-O Nb4 11. Kb1 Nxd3 12. Qxd3 Bf5 13. Qd5
Be6 14. Qc5 b6 15. Qe3 Re8 16. Ne5 Qc8 17. Qg3 Nf5 18. Qf3 Bxe5 19. Bxe5
Bxa2+ 20. Kxa2 Rxe5 21. Kb1 Nd6 22. Nd5 Rb8 23. Rhe1 Rxe1 24. Rxe1 Kh8 25.
Re7 c6 26. Nb4 c5 27. Nc6 Rb7 28. Nxa7 Qb8 29. Nc6 Qc8 30. Qd5 Rxe7 31.
Nxe7 Qd7 32. Qa8+ Ne8 33. Nd5 h5 34. Nxb6 Qe6 35. Na4 c4 36. Nc5 Qe1+ 37.
Ka2 f5 38. Qd5 g6 39. Qd4+ Kh7 40. Qxc4 Nd6 41. Qa6 Qe5 42. Nd3 Qd5+ 43. b3
Ne4 44. Qa7+ Kh6 45. Qe3+ Kh7 46. Qa7+ Kh6 47. f3 Nc3+ 48. Kb2 Nb5 49. Qe3+
Kh7 50. Qe7+ Kh6 51. Qe5 Qc6 52. Qh8+ Kg5 53. Qd8+ Kh6 54. Qh8+ Kg5 55. g3
f4 56. h4+ Kf5 57. Qe5# 1-0

[Event "World Blitz 2023"]
[Site "Samarkand UZB"]
[Date "2023.12.30"]
[Round "14.37"]
[White "Piorun, Kacper"]
[Black "Saydaliev, Saidakbar"]
[Result "1-0"]
[WhiteElo "2589"]
[BlackElo "2323"]
[EventDate "2023.12.29"]

1. e4 e5 2. Bc4 Nc6 3. Nc3 Nf6 4. d3 Na5 5. Bb3 Bc5 6. Nf3 d6 7. Be3 Bxe3
8. fxe3 Nxb3 9. axb3 O-O 10. O-O c6 11. Qe1 h6 12. Nh4 Re8 13. Nf5 b5 14.
Qg3 Bxf5 15. Rxf5 a5 16. Raf1 Re6 17. Qh3 Ra7 18. Ne2 Nh7 19. Ng3 Ng5 20.
Qg4 Rg6 21. Qe2 Re6 22. R5f2 g6 23. Qd2 h5 24. Ne2 b4 25. Kh1 d5 26. exd5
Qxd5 27. Qe1 Qc5 28. e4 h4 29. Qd2 Nh7 30. Qh6 g5 31. Qh5 Qf8 32. Ng1 Rg6
33. Rf5 Qg7 34. Qe2 g4 35. Qf2 Rd7 36. Qxh4 Rh6 37. Qg3 Nf8 38. Ne2 Re7 39.
Kg1 f6 40. Qe3 Ne6 41. Ng3 Qh7 42. Rxf6 Rxh2 43. Qe2 Qh4 44. Qf2 Rh7 45.
Rf8+ Kg7 46. Nf5+ 1-0

[Event "World Blitz 2023"]
[Site "Samarkand UZB"]
[Date "2023.12.30"]
[Round "14.38"]
[White "Gareyev, Timur"]
[Black "Galchenko, Matvey"]
[Result "0-1"]
[WhiteElo "2569"]
[BlackElo "2424"]
[EventDate "2023.12.29"]

1. Nf3 c5 2. g3 g6 3. Bg2 Bg7 4. c3 e5 5. O-O Nc6 6. d3 Nge7 7. a4 O-O 8.
Na3 d6 9. Rb1 h6 10. b4 a6 11. bxc5 dxc5 12. Nc4 Nd5 13. Bd2 Rb8 14. e4
Nde7 15. Be3 b6 16. Qc1 Kh7 17. a5 b5 18. Nb6 Nxa5 19. Nxc8 Rxc8 20. Qa3 c4
21. d4 exd4 22. Nxd4 Nec6 23. Nxc6 Rxc6 24. Rfd1 Qc7 25. e5 Re6 26. Bc5 Rd8
27. Bd6 Qb6 28. Bd5 Bxe5 29. Bc5 Qc7 30. Bxe6 fxe6 31. Rxd8 Qxd8 32. Re1
Bg7 33. Bb4 Qd2 34. Rf1 Nc6 35. Bf8 Qxc3 36. Qxa6 Bxf8 37. Qxc6 Qe5 38. Rd1
c3 39. Rd8 Bg7 40. Rc8 b4 41. Qc4 Qe1+ 42. Kg2 Qe5 43. Qxb4 Qd5+ 44. Kg1 c2
45. Rxc2 Qd1+ 46. Kg2 Qxc2 47. Qe7 Qe4+ 48. Kg1 Qe1+ 49. Kg2 Qe4+ 50. Kg1
Qf5 51. Qc7 e5 52. Qc6 e4 53. Qb7 h5 54. Qc7 Qe5 55. Qd7 Qd4 56. Qe7 Qd1+
57. Kg2 Qf3+ 58. Kg1 Kh6 59. h4 Qf5 60. Kg2 Qd5 61. Kg1 Qe5 62. Qb4 e3 63.
Kf1 exf2 64. Qd2+ Kh7 0-1

[Event "World Blitz 2023"]
[Site "Samarkand UZB"]
[Date "2023.12.30"]
[Round "14.39"]
[White "Gharibyan, Mamikon"]
[Black "Paravyan, David"]
[Result "1/2-1/2"]
[WhiteElo "2444"]
[BlackElo "2566"]
[EventDate "2023.12.29"]

1. e4 e5 2. Nf3 Nf6 3. Nxe5 d6 4. Nf3 Nxe4 5. d4 d5 6. Bd3 Bd6 7. O-O O-O
8. c4 c6 9. Nc3 Nxc3 10. bxc3 dxc4 11. Bxc4 Bg4 12. h3 Bh5 13. g4 Bg6 14.
Ne5 b5 15. Nxg6 hxg6 16. Bb3 Nd7 17. Qf3 Rc8 18. a4 a5 19. Kg2 Nb6 20. axb5
a4 21. Bxa4 Ra8 22. Qxc6 Nxa4 23. Bd2 Rc8 24. Qf3 Nb6 25. Ra6 Nc4 26. Bc1
Bb8 27. Rc6 Qd7 28. Re1 Rxc6 29. bxc6 Qd6 30. d5 f5 31. g5 Ne5 32. Qd1 Nxc6
33. f4 Na5 34. Re6 Qc5 35. Rxg6 Rd8 36. Re6 Bd6 37. Qd3 Bf8 38. Re5 g6 39.
Be3 Qc4 40. Qd1 Qxc3 41. Bd4 Qc4 42. Ba1 Nb3 43. Bb2 Nc5 44. h4 Qxf4 45.
Qe2 Ne4 46. Re6 Qg3+ 47. Kf1 Qh3+ 48. Ke1 Bb4+ 49. Kd1 Qb3+ 50. Qc2 Nf2+
51. Kc1 Nd3+ 52. Kb1 Qxb2+ 53. Qxb2 Nxb2 54. Rxg6+ Kh7 55. Rh6+ Kg7 56.
Kxb2 Rxd5 57. Kc2 Be7 58. Re6 Kf7 59. Rh6 f4 60. g6+ Kf6 61. Rh7 Re5 62. h5
Ke6 63. g7 Rg5 64. h6 f3 65. Kd3 f2 66. Ke2 Bc5 67. Rh8 Re5+ 68. Kd2 Rd5+
69. Kc2 Rg5 70. Rf8 Rg2 71. Kd3 Rg1 72. h7 Rxg7 73. h8=Q Bxf8 74. Qxf8 Rf7
75. Qe8+ Kf6 76. Ke2 Re7+ 77. Qxe7+ Kxe7 1/2-1/2

[Event "World Blitz 2023"]
[Site "Samarkand UZB"]
[Date "2023.12.30"]
[Round "14.40"]
[White "Ter-Sahakyan, Samvel"]
[Black "Sapenov, Daniyal"]
[Result "1-0"]
[WhiteElo "2556"]
[BlackElo "2289"]
[EventDate "2023.12.29"]

1. e4 c5 2. Nf3 d6 3. d4 cxd4 4. Nxd4 Nf6 5. Nc3 a6 6. Be3 e5 7. Nb3 Be6 8.
f3 h5 9. Qd2 Nbd7 10. O-O-O Rc8 11. Kb1 Be7 12. Bd3 b5 13. h3 h4 14. f4 O-O
15. Rhg1 Nb6 16. Qf2 Na4 17. Ne2 Qc7 18. g4 Bc4 19. Nec1 d5 20. g5 Nxe4 21.
Bxe4 dxe4 22. f5 Ba3 23. bxa3 Qe7 24. Nc5 Rxc5 25. f6 Qc7 26. fxg7 Rc8 27.
Qxh4 Kxg7 28. g6 Nc3+ 29. Ka1 fxg6 30. Qh6+ Kf7 31. Rxg6 Ke8 32. Qh8+ 1-0

[Event "World Blitz 2023"]
[Site "Samarkand UZB"]
[Date "2023.12.30"]
[Round "14.42"]
[White "Urazayev, Arystanbek"]
[Black "Khusnutdinov, Rustam"]
[Result "1-0"]
[WhiteElo "2408"]
[BlackElo "2499"]
[EventDate "2023.12.29"]

1. e4 d5 2. exd5 Qxd5 3. Nc3 Qa5 4. d4 Nf6 5. Nf3 Bf5 6. Ne5 c6 7. Nc4 Qd8
8. Bf4 e6 9. Be2 Nd5 10. Nxd5 exd5 11. Ne3 Be6 12. O-O Bd6 13. Bxd6 Qxd6
14. Bd3 Nd7 15. Re1 O-O 16. Qh5 g6 17. Qh4 Rfe8 18. c3 a5 19. Re2 Nf8 20.
Rae1 Bd7 21. Ng4 Rxe2 22. Rxe2 Bxg4 23. Qxg4 Ne6 24. g3 Re8 25. h4 h5 26.
Qf3 Kg7 27. Re5 Nc7 28. Qe3 Re6 29. f4 f6 30. Rxe6 Qxe6 31. Qxe6 Nxe6 32.
f5 gxf5 33. Bxf5 Nd8 34. Kf2 Nf7 35. Kf3 Nd6 36. Bd3 b6 37. Kf4 Kh6 38. Bf5
Nc4 39. b3 Nd6 40. Bd7 Nb5 41. Bxc6 Nxc3 42. Kf5 Kg7 43. Ke6 Nxa2 1-0

[Event "World Blitz 2023"]
[Site "Samarkand UZB"]
[Date "2023.12.30"]
[Round "14.43"]
[White "Bilguun, Sumiya"]
[Black "Kezin, Roman"]
[Result "1-0"]
[WhiteElo "2407"]
[BlackElo "2492"]
[EventDate "2023.12.29"]

1. e4 c5 2. Nc3 Nc6 3. Bb5 Nd4 4. Nf3 e6 5. O-O a6 6. Bd3 Nc6 7. b3 g5 8.
Bb2 Bg7 9. Na4 Bxb2 10. Nxb2 g4 11. Ne1 h5 12. Nc4 d5 13. Ne3 Nf6 14. f3
dxe4 15. fxe4 Nd7 16. c3 Nde5 17. Bc2 b6 18. Qe2 Ra7 19. Rd1 Rd7 20. Nc4
Bb7 21. Nxe5 Nxe5 22. Qe3 Rg8 23. d4 cxd4 1-0

[Event "World Blitz 2023"]
[Site "Samarkand UZB"]
[Date "2023.12.30"]
[Round "14.44"]
[White "Nigmatov, Ortik"]
[Black "Bologan, Victor"]
[Result "0-1"]
[WhiteElo "2382"]
[BlackElo "2489"]
[EventDate "2023.12.29"]

1. e4 c5 2. Nf3 d6 3. d4 cxd4 4. Nxd4 Nf6 5. Nc3 a6 6. Bg5 e6 7. Qe2 Qa5 8.
h4 Nc6 9. Nb3 Qc7 10. O-O-O b5 11. a3 Bb7 12. g4 b4 13. axb4 Nxb4 14. Rh3
Rc8 15. Kb1 h5 16. gxh5 Nxh5 17. Rd4 Nc6 18. Rc4 Qb8 19. Nd5 f6 20. Nb6 Rc7
0-1

[Event "World Blitz 2023"]
[Site "Samarkand UZB"]
[Date "2023.12.30"]
[Round "14.45"]
[White "Fayzullaev, Akmal"]
[Black "Vrolijk, Liam"]
[Result "0-1"]
[WhiteElo "2342"]
[BlackElo "2487"]
[EventDate "2023.12.29"]

1. d4 Nf6 2. Nf3 d5 3. c4 e6 4. Nc3 c6 5. Bg5 h6 6. Bh4 Nbd7 7. e3 Be7 8.
Qc2 O-O 9. cxd5 Nxd5 10. Bxe7 Qxe7 11. Be2 Nxc3 12. Qxc3 c5 13. O-O b6 14.
dxc5 Nxc5 15. Nd4 Bb7 16. f3 Rac8 17. Qa3 a5 18. e4 Rfd8 19. Rfd1 Qf6 20.
Nb5 Ba6 21. Nc3 Bxe2 22. Nxe2 Rxd1+ 23. Rxd1 Rd8 24. Rxd8+ Qxd8 25. Kf2 Qd2
26. Qc3 Nd3+ 27. Kg3 Qg5+ 0-1

[Event "World Blitz 2023"]
[Site "Samarkand UZB"]
[Date "2023.12.30"]
[Round "14.46"]
[White "Seemann, Jakub"]
[Black "Kosakowski, Jakub"]
[Result "1-0"]
[WhiteElo "2332"]
[BlackElo "2485"]
[EventDate "2023.12.29"]

1. e4 c6 2. d4 d5 3. exd5 cxd5 4. Bd3 Nc6 5. c3 Qc7 6. h3 e6 7. Nf3 Bd6 8.
O-O Nge7 9. Nbd2 f6 10. c4 O-O 11. Re1 Bd7 12. a3 a5 13. Qc2 h6 14. Nf1
Rad8 15. Ne3 Bf4 16. cxd5 exd5 17. Nf5 Nxf5 18. Bxf5 Rfe8 19. Rxe8+ Bxe8
20. Be6+ Bf7 21. Bxf7+ Kxf7 22. Qf5 Bxc1 23. Rxc1 Qd7 24. Qd3 Re8 25. Rc5
b6 26. Rc1 Ne7 27. Nh4 Rc8 28. Re1 Kg8 29. Qe2 Kf7 30. Qh5+ Kg8 31. Qe2 Kf7
32. Kh2 Re8 33. Qh5+ Kf8 34. Rxe7 Kxe7 35. Nf5+ Kd8 36. Qg6 Qc7+ 37. g3 Re2
38. Nxg7 Rxf2+ 39. Kg1 Rxb2 40. Ne6+ 1-0

[Event "World Blitz 2023"]
[Site "Samarkand UZB"]
[Date "2023.12.30"]
[Round "14.47"]
[White "Vetokhin, Savva"]
[Black "Abdurakhmonov, Mukhammadali"]
[Result "0-1"]
[WhiteElo "2483"]
[BlackElo "2214"]
[EventDate "2023.12.29"]

1. d4 Nf6 2. c4 e6 3. Nf3 d5 4. Nc3 Bb4 5. Bg5 h6 6. Bxf6 Qxf6 7. e3 O-O 8.
Rc1 Qd8 9. a3 Be7 10. cxd5 exd5 11. Bd3 c6 12. h4 Nd7 13. g4 Nf6 14. g5 Ng4
15. Bb1 h5 16. Nd2 Bd6 17. Nf1 Re8 18. Qd3 g6 19. f3 Bf5 20. Qd2 Bxb1 21.
Rxb1 Nxe3 22. Nxe3 Bf4 23. Nd1 Qc7 24. Kf2 Re6 25. b4 Rae8 26. Rb3 a5 27.
bxa5 Bg3+ 28. Kg2 Qf4 29. Rxb7 Bxh4 30. Rh3 Bxg5 31. a6 Qf6 32. a7 Bf4 33.
Kf2 Qg5 34. a4 h4 35. a5 Bg3+ 36. Kf1 Bf4 37. Rb3 Ra8 38. Rb7 Kg7 39. Qd3
Bxe3 40. Qa6 Qg1+ 41. Ke2 Bf4+ 42. Kd3 Qf1+ 43. Kc3 Qxa6 0-1

[Event "World Blitz 2023"]
[Site "Samarkand UZB"]
[Date "2023.12.30"]
[Round "14.48"]
[White "Begmuratov, Khumoyun"]
[Black "Nasuta, Grzegorz"]
[Result "1-0"]
[WhiteElo "2276"]
[BlackElo "2467"]
[EventDate "2023.12.29"]

1. e4 e5 2. Nf3 Nc6 3. Bb5 a6 4. Ba4 Nf6 5. d3 b5 6. Bb3 Bc5 7. c3 d6 8.
O-O O-O 9. a4 Rb8 10. axb5 axb5 11. Nbd2 h6 12. h3 Re8 13. Re1 Bb6 14. Nf1
Ne7 15. Be3 c5 16. Ng3 Ng6 17. Bc2 d5 18. exd5 Nxd5 19. Bd2 Bb7 20. d4 exd4
21. Rxe8+ Qxe8 22. cxd4 cxd4 23. Nf5 Ndf4 24. Nd6 Qc6 25. Nxb7 Qxb7 26. Bf5
Rd8 27. Qb3 d3 28. Kf1 Qc6 29. Rc1 Qf6 30. Qxb5 Ba7 31. Bc3 Qd6 32. Rd1 Qb6
33. Qxb6 Bxb6 34. Ne5 Rd5 35. Nxg6 fxg6 36. Be4 Rd8 37. Be5 Re8 38. Bxf4
Rxe4 39. Bg3 Rd4 40. f3 Ba5 41. Bf2 Rd5 42. Be3 Kf7 43. Kf2 Ke6 44. Ra1 Rb5
45. Bd4 Kd5 46. Bxg7 Bb6+ 47. Kf1 Bd4 48. Bxh6 Rxb2 49. Rd1 Rf2+ 50. Ke1
Re2+ 51. Kf1 Kc4 1-0